[Event "Euskadi-ch"]
[Site "Getxo"]
[Date "2022.04.19"]
[Round "1.9"]
[White "Ruiz Turrillas, Alfredo"]
[Black "Zuloaga Erauskin, Markel"]
[Result "1-0"]
[WhiteElo "1756"]
[BlackElo "1993"]
[PlyCount "115"]
[EventDate "2022.04.19"]
[EventType "swiss"]
[EventRounds "5"]
[EventCountry "ESP"]
[SourceTitle "EXT 2024"]
[Source "ChessBase"]
[SourceDate "2023.10.10"]
[SourceVersion "1"]
[SourceVersionDate "2023.10.10"]
[SourceQuality "1"]

1. e4 e6 2. d4 d5 3. Nd2 dxe4 4. Nxe4 Nd7 5. Bg5 Ngf6 6. Qf3 Be7 7. 0-0-0 Nxe4 8. Bxe7 Qxe7 9. Qxe4 Qg5+ 10. Qe3 Qxe3+ 11. fxe3 Nf6 12. Be2 Nd5 13. e4 Ne3 14. Rd2 Nxg2 15. Bb5+ c6 16. Bxc6+ bxc6 17. Rxg2 c5 18. Ne2 Bb7 19. Rf1 Bxe4 20. Rgf2 0-0 21. dxc5 f6 22. Nc3 Bc6 23. b4 Rfb8 24. Rf4 a5 25. a3 axb4 26. Rxb4 Rc8 27. Kb2 Be8 28. Ne4 Bg6 29. Rd1 e5 30. Rd5 Bxe4 31. Rxe4 Ra5 32. Rc4 Rb5+ 33. Kc3 Kf8 34. a4 Rb7 35. a5 Rb5 36. a6 Ke7 37. Ra4 Ra8 38. Kc4 Rb2 39. Rd2 e4 40. c6 Rb6 41. Kc5 Rbxa6 42. Rxe4+ Kf8 43. c7 Ra5+ 44. Kc6 R5a6+ 45. Kd7 R6a7 46. Rde2 Kf7 47. c4 f5 48. Re7+ Kf6 49. R2e6+ Kg5 50. Rxg7+ Kf4 51. Rc6 Rf8 52. Rxh7 Kf3 53. Re7 f4 54. Re8 Rf7+ 55. Kd8 Ra3 56. c5 Kg2 57. Rg8+ Kh1 58. c8Q 1-0

[Event "San Sebastian op 39th"]
[Site "San Sebastian"]
[Date "2016.03.19"]
[Round "1"]
[White "Zuloaga Erauskin, Markel"]
[Black "Skomorokhin, Roman"]
[Result "0-1"]
[WhiteElo "1827"]
[BlackElo "2410"]
[PlyCount "56"]
[EventDate "2016.03.19"]
[EventType "swiss"]
[EventRounds "9"]
[EventCountry "ESP"]
[SourceTitle "CBM 171 Extra"]
[Source "ChessBase"]
[SourceDate "2016.04.26"]
[SourceVersion "1"]
[SourceVersionDate "2016.04.26"]
[SourceQuality "1"]

1. d4 Nf6 2. Nf3 d5 3. e3 e6 4. Bd3 c5 5. c3 Nbd7 6. Nbd2 Bd6 7. 0-0 0-0 8. Re1 h6 9. e4 dxe4 10. Nxe4 Nxe4 11. Bxe4 Nf6 12. Bc2 b6 13. Be3 Bb7 14. dxc5 bxc5 15. Qe2 Qc7 16. h3 Rad8 17. Red1 Nd5 18. Qd3 f5 19. Qe2 Rf6 20. Bb3 Rc8 21. Rd2 f4 22. Rad1 fxe3 23. fxe3 c4 24. Bc2 Rcf8 25. Kh1 Bc5 26. Qxc4 Nxe3 27. Qd3 Nxc2 28. Qxc2 Rxf3 0-1

[Event "San Sebastian Gros op 25th"]
[Site "San Sebastian"]
[Date "2015.06.26"]
[Round "1"]
[White "Argandona Riveiro, Inigo"]
[Black "Zuloaga Erauskin, Markel"]
[Result "1-0"]
[WhiteElo "2421"]
[BlackElo "1681"]
[PlyCount "69"]
[EventDate "2015.06.26"]
[EventType "swiss"]
[EventRounds "9"]
[EventCountry "ESP"]
[SourceTitle "CBM 167 Extra"]
[Source "ChessBase"]
[SourceDate "2015.09.14"]
[SourceVersion "1"]
[SourceVersionDate "2015.09.14"]
[SourceQuality "1"]

1. d4 d5 2. e3 Nf6 3. Bd3 e6 4. Nd2 Bd6 5. c3 Nbd7 6. f4 0-0 7. Qf3 Rb8 8. g4 c5 9. Ne2 b6 10. a3 Bb7 11. g5 Ne8 12. Qh3 g6 13. Nf3 Qe7 14. Ng3 Bc8 15. Qg2 c4 16. Bc2 Bb7 17. h4 Ng7 18. h5 Nf5 19. Nh4 Rfe8 20. Qh3 Nf8 21. hxg6 fxg6 22. Nxg6 hxg6 23. Qh8+ Kf7 24. Nh5 Rec8 25. Nf6 Qc7 26. Bd2 Ng7 27. Qg8+ Ke7 28. Qxg7+ Kd8 29. Qg8 Ke7 30. Bxg6 Qc6 31. Qf7+ Kd8 32. Rh8 Qa4 33. Rxf8+ Bxf8 34. Qxf8+ Kc7 35. Qe7+ 1-0

[Event "San Sebastian op 38th"]
[Site "San Sebastian"]
[Date "2015.03.28"]
[Round "1"]
[White "Zuloaga Erauskin, Markel"]
[Black "Felizes, Paulo Alberto"]
[Result "1-0"]
[WhiteElo "1625"]
[BlackElo "2017"]
[PlyCount "69"]
[EventDate "2015.03.28"]
[EventType "swiss"]
[EventRounds "9"]
[EventCountry "ESP"]
[SourceTitle "CBM 165 Extra"]
[Source "ChessBase"]
[SourceDate "2015.04.21"]
[SourceVersion "1"]
[SourceVersionDate "2015.04.21"]
[SourceQuality "1"]

1. d4 Nf6 2. Nf3 c5 3. e3 d5 4. Bd3 Bg4 5. Nbd2 Nc6 6. c3 e6 7. 0-0 Be7 8. e4 dxe4 9. Nxe4 cxd4 10. cxd4 0-0 11. Be3 Qd5 12. Nc3 Qh5 13. Be2 Bd6 14. h3 Bxh3 15. Ne5 Qf5 16. Bd3 Bg4 17. f3 Qh5 18. fxg4 Qh4 19. Rf3 Bxe5 20. Rh3 Qxg4 21. Bxh7+ Kh8 22. Bf5+ Qxh3 23. Bxh3 Rad8 24. Ne2 Bxd4 25. Nxd4 Nxd4 26. Bxd4 e5 27. Qb3 Rxd4 28. Qxb7 Nd5 29. Re1 Nf4 30. Qxa7 f6 31. a4 Rd2 32. b4 Rfd8 33. b5 g5 34. Qf7 Nxh3+ 35. gxh3 1-0

[Event "San Sebastian Gros op 24th"]
[Site "San Sebastian"]
[Date "2014.09.24"]
[Round "5"]
[White "Cruz Estrada, Filemon"]
[Black "Zuloaga Erauskin, Markel"]
[Result "1/2-1/2"]
[WhiteElo "2442"]
[BlackElo "1543"]
[PlyCount "112"]
[EventDate "2014.09.21"]
[EventType "swiss"]
[EventRounds "9"]
[EventCountry "ESP"]
[SourceTitle "EXT 2015"]
[Source "ChessBase"]
[SourceDate "2014.11.20"]
[SourceVersion "1"]
[SourceVersionDate "2014.11.20"]
[SourceQuality "1"]

1. d4 d5 2. Nf3 Nf6 3. c4 c6 4. e3 e6 5. Qc2 Bd6 6. b3 Nbd7 7. Bb2 Ne4 8. Nbd2 f5 9. g3 Ndf6 10. Bg2 0-0 11. 0-0 Nxd2 12. Qxd2 Ne4 13. Qc1 Re8 14. Ba3 Bc7 15. Ne5 Qf6 16. f3 Ng5 17. h4 Nf7 18. f4 Bxe5 19. fxe5 Qg6 20. Rf3 b6 21. Qe1 a5 22. c5 b5 23. b4 a4 24. Bh3 h5 25. Bc1 Nh6 26. a3 Ng4 27. Bd2 Bd7 28. Rf1 Rf8 29. Rf4 Rf7 30. Bc1 Raf8 31. Ra2 Be8 32. Rg2 Bd7 33. Kf1 Be8 34. Ke2 Bd7 35. Kd3 Be8 36. Kc3 Bd7 37. Kb2 Be8 38. Rc2 Bd7 39. Bf1 Rc8 40. Bd3 Rff8 41. Qe2 Rf7 42. Bd2 Kf8 43. Rc1 Kg8 44. Bc2 Rcf8 45. Rh1 Ra8 46. Bd1 Raf8 47. Qd3 Qh7 48. Qc2 g6 49. Bc1 Qg7 50. Rhf1 Be8 51. Bxg4 fxg4 52. e4 Rxf4 53. Rxf4 Rxf4 54. Bxf4 Qf7 55. exd5 exd5 56. Kc3 Bd7 1/2-1/2

[Event "Gipuzkoako Banakako Txapelketa U14"]
[Site "Tolosa"]
[Date "2012.11.11"]
[Round "4.5"]
[White "Zuloaga Erauskin, Markel"]
[Black "Fernandez Zubitur, Asier"]
[Result "1-0"]
[WhiteElo "1657"]
[BlackElo "1649"]
[PlyCount "55"]
[EventDate "2012.10.21"]
[EventType "swiss"]
[EventRounds "5"]
[EventCountry "ESP"]
[SourceTitle "EXT 2024"]
[Source "ChessBase"]
[SourceDate "2023.10.10"]
[SourceVersion "1"]
[SourceVersionDate "2023.10.10"]
[SourceQuality "1"]

1. e4 e5 2. Nf3 Nc6 3. Bc4 Bc5 4. d3 h6 5. 0-0 Nf6 6. Nc3 0-0 7. Bd2 d6 8. h3 Be6 9. Bb3 Qd7 10. Nd5 Bxd5 11. exd5 Ne7 12. c4 b5 13. Qc1 bxc4 14. Qxc4 Nexd5 15. Nxe5 Bxf2+ 16. Rxf2 dxe5 17. Ba4 Nb6 18. Bxd7 Nxc4 19. Bc6 Nxb2 20. Bxa8 Rxa8 21. Bc3 Nxd3 22. Rd2 e4 23. Bxf6 gxf6 24. Re2 Re8 25. Rd1 Re5 26. Rb1 e3 27. Rd1 c5 28. Rxd3 1-0

[Event "Gipuzkoako Banakako Txapelketa U14"]
[Site "Tolosa"]
[Date "2012.11.04"]
[Round "3.3"]
[White "Gonzalez Larraz, Raul"]
[Black "Zuloaga Erauskin, Markel"]
[Result "1-0"]
[WhiteElo "1659"]
[BlackElo "1657"]
[PlyCount "71"]
[EventDate "2012.10.21"]
[EventType "swiss"]
[EventRounds "5"]
[EventCountry "ESP"]
[SourceTitle "EXT 2024"]
[Source "ChessBase"]
[SourceDate "2023.10.10"]
[SourceVersion "1"]
[SourceVersionDate "2023.10.10"]
[SourceQuality "1"]

1. e4 e6 2. d4 d5 3. e5 c5 4. c3 Nc6 5. Nf3 Qb6 6. Be2 cxd4 7. cxd4 Nge7 8. 0-0 Ng6 9. Nc3 Be7 10. Na4 Qc7 11. Bd2 0-0 12. Rc1 Bd7 13. Bd3 a6 14. Bxg6 fxg6 15. a3 b5 16. Nc5 Bxc5 17. Rxc5 Qb6 18. Be3 Rac8 19. Qd3 Ne7 20. Rfc1 Rxc5 21. Rxc5 Nf5 22. Bd2 a5 23. b4 a4 24. Qc3 Rd8 25. Bg5 Rf8 26. Nh4 h6 27. Nxg6 hxg5 28. Nxf8 Kxf8 29. Qf3 Ke7 30. Qg4 Kf7 31. Qxg5 Nxd4 32. Qf4+ Nf5 33. g4 g6 34. gxf5 gxf5 35. Qg5 Qd8 36. Qxd8 1-0

[Event "Gipuzkoako Banakako Txapelketa U14"]
[Site "Tolosa"]
[Date "2012.10.28"]
[Round "2.2"]
[White "Zuloaga Erauskin, Markel"]
[Black "Sanchez Ruesga, Carlos"]
[Result "0-1"]
[WhiteElo "1657"]
[BlackElo "1783"]
[PlyCount "76"]
[EventDate "2012.10.21"]
[EventType "swiss"]
[EventRounds "5"]
[EventCountry "ESP"]
[SourceTitle "EXT 2024"]
[Source "ChessBase"]
[SourceDate "2023.10.10"]
[SourceVersion "1"]
[SourceVersionDate "2023.10.10"]
[SourceQuality "1"]

1. d4 d5 2. Nf3 Nf6 3. e3 e6 4. c4 c5 5. Nc3 cxd4 6. exd4 dxc4 7. Bxc4 Bb4 8. 0-0 0-0 9. Bg5 Be7 10. Qc2 h6 11. Be3 Qc7 12. Bd3 Nc6 13. a3 Rd8 14. Rfd1 b6 15. Qd2 Ng4 16. Bf4 e5 17. Nb5 Qb7 18. Nxe5 Ngxe5 19. dxe5 Bf5 20. Nd6 Bxd6 21. exd6 Qd7 22. Qc2 Nd4 23. Qc4 Bxd3 24. Qxd4 Bf5 25. Rac1 Rac8 26. Qd5 Be6 27. Qf3 Bg4 28. Qg3 Bxd1 29. Rxd1 Qe6 30. f3 g5 31. Re1 Qf5 32. h4 Qxf4 33. Qxf4 gxf4 34. Rd1 Rc6 35. Kh2 Rcxd6 36. Rc1 Rd2 37. Kh3 Rd1 38. Rxd1 Rxd1 0-1